Entry Konu Terimi
001 - KONTROL NUMARASI
- Kontrol alanı: 10466
003 - KONTROL NUMARASI KİMLİĞİ
- Kontrol alanı: TR-BiSEU
005 - SON İŞLEM TARİHİ VE ZAMANI
- Kontrol alanı: 20260207001406.0
008 - SABİT UZUNLUKTAKİ VERİ ÖGELERİ - GENEL BİLGİ
- Sabit uzunlukta kontrol alanı: 260207|| aca||aabn | a|a d
040 ## - KATALOGLAMA KAYNAĞI
- Özgün kataloglama kurumu: TR-BiSEU
- Çeviri kurumu: TR-BiSEU
150 ## - KONU BAŞLIKLARI - KONU TERİMİ
- Konu terimi: Turkey--History--1829-1878
670 ## - BİLGİNİN KAYNAĞI
- Bilginin alındığı kaynak: KOHA: (TR-BiSEU)4245: Saydam, Abdullah. 10453, Kırım ve Kafkas göçleri: (1856-1876)/
